[Event "Budapest FS02 FM-B"]
[Site "Budapest"]
[Date "2010.02.08"]
[Round "3"]
[White "Grimm, Gyorgy"]
[Black "Shan, He Jia Rita"]
[Result "1-0"]
[WhiteElo "1655"]
[BlackElo "1458"]
[PlyCount "103"]
[EventDate "2010.02.06"]
[EventType "tourn"]
[EventRounds "9"]
[EventCountry "HUN"]
[SourceTitle "CBM 135 Extra"]
[Source "ChessBase"]
[SourceDate "2010.05.04"]
[SourceVersion "1"]
[SourceVersionDate "2010.05.04"]
[SourceQuality "1"]

1. e4 e6 2. d4 d5 3. Nc3 dxe4 4. Nxe4 Bd7 5. Nf3 Bc6 6. Bd3 Nd7 7. 0-0 Ngf6 8. Nxf6+ Nxf6 9. c3 Bd6 10. Bg5 h6 11. Bd2 0-0 12. h3 b6 13. Re1 Bb7 14. Ne5 c5 15. Nf3 cxd4 16. Nxd4 Bc5 17. Be3 e5 18. Nb3 Qd5 19. Bf1 Bxe3 20. Rxe3 Rfe8 21. Qxd5 Nxd5 22. Ree1 Rad8 23. Rad1 f6 24. Rd2 Nf4 25. Red1 Rxd2 26. Rxd2 Ng6 27. Rd7 Re7 28. Rd8+ Kh7 29. Nd2 Bc6 30. Nc4 Rd7 31. Rxd7 Bxd7 32. Nd6 Be6 33. Bd3 h5 34. Nb5 a5 35. a4 Bb3 36. Nd6 Kh6 37. Bb5 Nf4 38. Nc8 Nd5 39. g3 Kg6 40. Be8+ Kf5 41. Bf7 e4 42. Nxb6 Nxb6 43. Bxb3 g5 44. Bc2 Ke5 45. b4 axb4 46. cxb4 Nc4 47. a5 Na3 48. a6 Nb5 49. Ba4 Na7 50. b5 Kd6 51. b6 Nc6 52. a7 1-0